000 01347nam a2200217Ia 4500
999 _c40183
_d40183
001 6789
003 GE_BSU
005 20190621164037.0
008 181216s1986||||ge |||||||||||||| ||ge ||
041 _ageo
080 _a621.3.01(075.8) მ-57
100 _aმერაბიშვილი, ა.
_92703
245 _aელექტროტექნიკის თეორიული საფუძვლები (არაწრფივი ელექტრული წრედებისა და ელექტრომაგნიტური ველი თეორია) :
_bდამხმ .სახელმძღვ. /
_cა. მერაბიშვილი ; რედ : მ.ძიძიგური.
264 _aთბილისი :
_bსპი,
_c1986.
300 _a146 გვ .:
_bნახაზ;ცხრ.
_c22 სმ.
504 _aბიბლიოგრ : გვ. 141-142.
653 _aელექტროტექნიკის თეორიული საფუძვლები; არაწრფივი ელექტრული წრედებისა და ელექტრომაგნიტური ველი თეორია
653 _aტექნიკა
700 _aძიძიგური, მ
_eრედაქტორი
_9472
942 _cBK
_2udc